000
00260nam a22001217a 4500
008
260211b ||||| |||| 00| 0 eng d
041
_a
eng
080
_a
002
100
_a
20
101
_a
ital
245
_a
Undici Racconti
_c
Marco Dominici
942
_2
lcc
_c
BK
999
_c
60769
_d
60769